00543nam a2200205 a 4500001001300000003000900013005001700022008004100039020001000080082001900090100002600109245002300135260004600158300000900204500003500213505001700248650002500265650002100290700002600311nice12345678IN_TiNIC20260116011356.0050524s1960 pesa grp 000 0 urd  ac8.500a891.4391bKHA5 aKhan, Mir Abdus Samad aKhushhal Awr Iqbal aPeshawarbManzoor-E-Aam Kutub Khanac1960 a376p aincludes index and biblioraphy2 abibliography aBiography-Urdu Poets aPoetry-Criticism1 aKhan, Mir Abdus Samad